| 000 | 00992nam a22002297a 4500 | ||
|---|---|---|---|
| 003 | SISC | ||
| 005 | 20180201101636.0 | ||
| 008 | 180201b xxu||||| |||| 00| 0 eng d | ||
| 050 |
_aQD 41 .P38 _b2016 |
||
| 100 | _aPatalinghug, Wyona C. | ||
| 245 |
_aGeneral chemistry 1: _bspecialized subject academic-STEM / _cWyona C. Patalinghug, Vic Marie I. Camacho, Fortunato B. Sevilla III, Maria Cristina D. Singson. |
||
| 260 |
_aQuezon City: _bCommission on Higher Education, _c2016. |
||
| 300 |
_a312 pages: _billustrations; _c28 cm. |
||
| 440 | _aTeaching guide for senior high school | ||
| 500 | _aThis teaching guide by the Commission on Higher Education is licensed under a Creative Commons Attribution-NonCommercial-ShareAlike 4.0 International License. | ||
| 650 |
_2Library of Congress Subject Headings _aGeneral chemistry |
||
| 700 | _aCamacho, Vic Marie I. | ||
| 700 | _aSingson, Maria Cristina D. | ||
| 700 | _aSevilla, Fortunato B. III | ||
| 942 |
_2lcc _cBK |
||
| 999 |
_c354636 _d354636 |
||